Datos sobre el volcanismo canario / (Record no. 62921)

MARC details
000 -LEADER
campo de control de longitud fija 00620nam a2200193 i 4500
001 - NÚMERO DE CONTROL
campo de control 62921
003 - IDENTIFICADOR DE NÚMERO DE CONTROL
campo de control ES-MaACL
005 - FECHA Y HORA DE LA ÚLTIMA TRANSACCIÓN
campo de control 20240511063022.0
007 - CAMPO FIJO DE DESCRIPCIÓN FÍSICA--INFORMACIÓN GENERAL
campo de control de longitud fija t|
008 - DATOS DE LONGITUD FIJA--INFORMACIÓN GENERAL
campo de control de longitud fija 031126s1925 it ||||1| spa d
100 1# - ENTRADA PRINCIPAL--NOMBRE DE PERSONA
Nombre de persona Fernández Navarro, Lucas,
Fechas asociadas al nombre 1869-1930
9 (RLIN) 49953
245 10 - MENCIÓN DEL TÍTULO
Título Datos sobre el volcanismo canario /
Mención de responsabilidad, etc. L. Fernández Navarro.
260 ## - PUBLICACIÓN, DISTRIBUCIÓN, ETC.
Lugar de publicación, distribución, etc. Napoli :
Nombre del editor, distribuidor, etc. [s.n],
Fecha de publicación, distribución, etc. 1925 (
Fabricante tip. Francesco Giannini)
300 ## - DESCRIPCIÓN FÍSICA
Extensión 29 p. :
Otras características físicas il. ;
Dimensiones 24 cm.
595 ## -
-- Separata de: Bulletin volcanologique, v. 2.
650 #4 - PUNTO DE ACCESO ADICIONAL DE MATERIA--TÉRMINO DE MATERIA
Término de materia o nombre geográfico como elemento de entrada Volcanes-
Subdivisión geográfica Canarias.
9 (RLIN) 164061
852 ## - LOCALIZACIÓN
Ubicación ES-MaACL
Número de control de estantería 1682-F-1
Holdings
Estatus retirado Estado de pérdida Estado de daño No para préstamo Colección Biblioteca de origen Biblioteca actual Ubicación en estantería Fecha de adquisición Fuente de adquisición Total de préstamos Signatura topográfica completa Código de barras Visto por última vez Precio de reemplazo Tipo de ítem Koha
        Colección de folletos Biblioteca del Ateneo de Madrid Biblioteca del Ateneo de Madrid Depósito folletos 17/01/2008     1682-F-1 1065962 23/02/2023 23/02/2023 Folleto